[Event "Muensterland Verbandsklasse Gr1 2223"]
[Site "Germany"]
[Date "2023.01.28"]
[Round "4.4"]
[White "Te Sligte, Bert"]
[Black "Sicking, Andreas"]
[Result "0-1"]
[WhiteElo "1826"]
[BlackElo "1602"]
[PlyCount "96"]
[EventDate "2022.09.17"]
[EventType "team-tourn"]
[EventRounds "5"]
[EventCountry "GER"]
[SourceTitle "EXT 2024"]
[Source "ChessBase"]
[SourceDate "2023.10.10"]
[SourceVersion "1"]
[SourceVersionDate "2023.10.10"]
[SourceQuality "1"]
[WhiteTeam "Stadtlohn"]
[BlackTeam "Heiden II"]
[WhiteTeamCountry "GER"]
[BlackTeamCountry "GER"]

1. e4 e6 2. d4 b6 3. Nf3 Bb7 4. Bd3 Nf6 5. e5 Nd5 6. 0-0 Be7 7. a3 c5 8. c3 0-0 9. Nbd2 f5 10. exf6 Nxf6 11. Re1 Qe8 12. Qe2 Qh5 13. Ne4 cxd4 14. cxd4 Nc6 15. Ng3 Qe8 16. Bd2 Bd6 17. Rad1 Bxg3 18. hxg3 Qh5 19. Bc3 Ng4 20. Qe4 Na5 21. Qxh7+ Qxh7 22. Bxh7+ Kxh7 23. Ng5+ Kg6 24. f4 Rh8 25. Nf3 Bxf3 26. gxf3 Nf6 27. Re5 Rh3 28. Kf2 Rh2+ 29. Ke1 Rah8 30. Bxa5 bxa5 31. Rd2 Nd5 32. f5+ Kf6 33. fxe6 dxe6 34. Rde2 Rxe2+ 35. Rxe2 Rh3 36. Rg2 Ne3 37. Re2 Nf5 38. Re5 Nxd4 39. Rxa5 Rxg3 40. Ra4 e5 41. f4 Rb3 42. fxe5+ Kxe5 43. Rxa7 g5 44. a4 Rxb2 45. a5 Ra2 46. a6 Kf4 47. Rf7+ Kg3 48. Rd7 Nf3+ 0-1

[Event "Muensterland Verbandsklasse 1718"]
[Site "Germany"]
[Date "2018.01.27"]
[Round "5.3"]
[White "Te Sligte, Bert"]
[Black "Fischer, Andreas3333"]
[Result "1-0"]
[WhiteElo "1832"]
[BlackElo "1912"]
[PlyCount "95"]
[EventDate "2017.09.16"]
[EventType "team-tourn"]
[EventRounds "9"]
[EventCountry "GER"]
[SourceTitle "EXT 2019"]
[Source "ChessBase"]
[SourceDate "2018.10.10"]
[SourceVersion "1"]
[SourceVersionDate "2018.10.10"]
[SourceQuality "1"]
[WhiteTeam "Stadtlohn"]
[BlackTeam "Saerbeck"]
[WhiteTeamCountry "GER"]
[BlackTeamCountry "GER"]

1. e4 e5 2. Nf3 d6 3. d4 Nf6 4. Nc3 Nbd7 5. Be3 Be7 6. h3 c6 7. dxe5 dxe5 8. a3 Qc7 9. Bc4 0-0 10. Qe2 b5 11. Ba2 Nc5 12. Bg5 Rd8 13. 0-0 Be6 14. Bxe6 Nxe6 15. Rfd1 Nd4 16. Nxd4 exd4 17. Nb1 h6 18. Bh4 Qf4 19. g3 Qc7 20. e5 g5 21. Bxg5 hxg5 22. exf6 Bxf6 23. Nd2 Qd7 24. Ne4 Qf5 25. Rd3 Re8 26. Nxf6+ Qxf6 27. Qg4 Rad8 28. Rad1 c5 29. h4 c4 30. hxg5 Qg6 31. Rxd4 Rxd4 32. Qxd4 Qxc2 33. Kg2 a5 34. Rd2 Qb1 35. Qd5 Qe1 36. g6 Re6 37. gxf7+ Kxf7 38. Qh5+ Kf6 39. Qh6+ Kf7 40. Rd7+ Re7 41. Qh5+ Kf8 42. Rd4 Re6 43. Rf4+ Ke7 44. Qxb5 Re2 45. Qc5+ Ke8 46. Rf8+ Kd7 47. Qd5+ Kc7 48. Qxc4+ 1-0

[Event "Muensterland Verbandsklasse 1516"]
[Site "Germany"]
[Date "2016.03.12"]
[Round "7.2"]
[White "Melkert, Tim"]
[Black "Te Sligte, Bert"]
[Result "1-0"]
[WhiteElo "1902"]
[BlackElo "1839"]
[PlyCount "63"]
[EventDate "2015.09.19"]
[EventType "team"]
[EventRounds "9"]
[EventCountry "GER"]
[SourceTitle "EXT 2017"]
[Source "ChessBase"]
[SourceDate "2016.10.25"]
[SourceVersion "1"]
[SourceVersionDate "2016.10.25"]
[SourceQuality "1"]
[WhiteTeam "Nienberge II"]
[BlackTeam "Stadtlohn"]
[WhiteTeamCountry "GER"]
[BlackTeamCountry "GER"]

1. e4 e5 2. Nf3 Nc6 3. Bb5 a6 4. Ba4 Nf6 5. 0-0 Be7 6. Re1 b5 7. Bb3 0-0 8. h3 d6 9. c3 Na5 10. Bc2 c5 11. d4 Qc7 12. Nbd2 cxd4 13. cxd4 Bd7 14. Nf1 Rfc8 15. Bd3 Nc6 16. Be3 Qb8 17. Rc1 h6 18. Ng3 Bd8 19. Bb1 Bb6 20. a3 Qa7 21. dxe5 dxe5 22. Nf5 Bxf5 23. exf5 Rd8 24. Qb3 Nd4 25. Bxd4 Bxd4 26. Nxd4 exd4 27. Qg3 Re8 28. Rxe8+ Rxe8 29. Rc7 Qa8 30. Ba2 Rf8 31. Qd6 Qd8 32. Rxf7 1-0

[Event "Muensterland Verbandsklasse-B 1213"]
[Site "Germany"]
[Date "2013.02.23"]
[Round "6.2"]
[White "Te Sligte, Bert"]
[Black "Lemli, Thomas"]
[Result "0-1"]
[WhiteElo "1838"]
[BlackElo "1986"]
[PlyCount "56"]
[EventDate "2012.09.15"]
[EventType "team-tourn"]
[EventRounds "9"]
[EventCountry "GER"]
[SourceTitle "EXT 2015"]
[Source "ChessBase"]
[SourceDate "2014.11.20"]
[SourceVersion "1"]
[SourceVersionDate "2014.11.20"]
[SourceQuality "1"]
[WhiteTeam "Stadtlohn"]
[BlackTeam "Emsdetten Rochade"]
[WhiteTeamCountry "GER"]
[BlackTeamCountry "GER"]

1. e4 d6 2. d4 Nf6 3. Nc3 g6 4. Bg5 Bg7 5. Qd2 h6 6. Bh4 g5 7. Bg3 Nh5 8. Nge2 Nc6 9. 0-0-0 e6 10. d5 Nxg3 11. hxg3 Ne5 12. Nd4 a6 13. f4 Ng6 14. dxe6 fxe6 15. Bc4 Qf6 16. f5 Qxd4 17. Qxd4 Bxd4 18. Rxd4 exf5 19. Nd5 Kd8 20. exf5 Bxf5 21. Rf1 Rf8 22. Re1 Ne5 23. Bb3 Be6 24. Nxc7 Kxc7 25. Bxe6 Rae8 26. Rxe5 dxe5 27. Rd7+ Kc6 28. Bh3 h5 0-1

[Event "Muensterland Verbandsklasse-B 0910"]
[Site "Germany"]
[Date "2010.03.20"]
[Round "8.3"]
[White "Jacob, Helmut"]
[Black "Te Sligte, Bert"]
[Result "1/2-1/2"]
[WhiteElo "1981"]
[BlackElo "1813"]
[PlyCount "85"]
[EventDate "2009.09.19"]
[EventType "team-tourn"]
[EventRounds "9"]
[EventCountry "GER"]
[SourceTitle "EXT 2011"]
[Source "ChessBase"]
[SourceDate "2010.11.26"]
[SourceVersion "1"]
[SourceVersionDate "2010.11.26"]
[SourceQuality "1"]
[WhiteTeam "Ochtrup"]
[BlackTeam "Stadtlohn"]
[WhiteTeamCountry "GER"]
[BlackTeamCountry "GER"]

1. e4 e5 2. Nc3 Nf6 3. f4 d5 4. fxe5 Nxe4 5. Nf3 Be7 6. Qe2 Nxc3 7. dxc3 0-0 8. Bd2 c5 9. Qf2 Nc6 10. Bd3 c4 11. Be2 f6 12. exf6 Bxf6 13. 0-0 Bf5 14. Be3 Be4 15. Bc5 Re8 16. Bd1 b6 17. Be3 Rf8 18. Qd2 Qd7 19. Be2 Qg4 20. Ne1 Qg6 21. Bf3 Rad8 22. Rd1 Ne5 23. Bxe4 dxe4 24. Qe2 Rxd1 25. Qxd1 Rd8 26. Qe2 h6 27. Bd4 b5 28. Kh1 a6 29. Rf4 h5 30. h3 Qg5 31. Rxe4 Ng6 32. Re8+ Rxe8 33. Qxe8+ Kh7 34. Bxf6 gxf6 35. Qf7+ Kh6 36. Qe6 Qc1 37. Kh2 Qf4+ 38. Kg1 Nh4 39. Qe2 Kg6 40. Qe8+ Kg5 41. Qg8+ Kf5 42. Qd5+ Kg6 43. Qg8+ 1/2-1/2

[Event "Muensterland Verbandsklasse-B 0910"]
[Site "Germany"]
[Date "2009.10.24"]
[Round "2.3"]
[White "Kuhlenbaeumer, Alfred"]
[Black "Te Sligte, Bert"]
[Result "1/2-1/2"]
[WhiteElo "1864"]
[BlackElo "1813"]
[PlyCount "139"]
[EventDate "2009.09.19"]
[EventType "team-tourn"]
[EventRounds "9"]
[EventCountry "GER"]
[SourceTitle "EXT 2011"]
[Source "ChessBase"]
[SourceDate "2010.11.26"]
[SourceVersion "1"]
[SourceVersionDate "2010.11.26"]
[SourceQuality "1"]
[WhiteTeam "Telgte"]
[BlackTeam "Stadtlohn"]
[WhiteTeamCountry "GER"]
[BlackTeamCountry "GER"]

1. e4 e5 2. Nf3 Nc6 3. Bc4 Nf6 4. Ng5 d5 5. exd5 Na5 6. Bb5+ c6 7. dxc6 bxc6 8. Be2 h6 9. Nh3 Bd6 10. Nc3 0-0 11. d3 Qc7 12. Bf3 Rb8 13. Ng1 Bf5 14. Nge2 Rfd8 15. Ng3 Bg6 16. Qe2 c5 17. Nce4 Nxe4 18. Bxe4 Bxe4 19. Nxe4 Be7 20. 0-0 Nc6 21. Qg4 Kh8 22. f4 Rf8 23. f5 f6 24. Rf3 Rf7 25. Qg6 Bf8 26. Rg3 Nd4 27. Kf1 Qd7 28. b3 Qxf5+ 29. Qxf5 Nxf5 30. Rf3 Nd4 31. Rf2 Kg8 32. Ba3 Rc8 33. Re1 Rc6 34. Bb2 Be7 35. Ng3 g6 36. Rd2 Bd8 37. c3 Ne6 38. Red1 Bb6 39. Ne2 Rd7 40. g3 Rcd6 41. Ba3 Ng5 42. d4 Nf3 43. Rd3 Nxh2+ 44. Kg2 Ng4 45. Rc1 Re6 46. d5 Rxd5 47. Rxd5 Ne3+ 48. Kf3 Nxd5 49. c4 Ne7 50. Rd1 Nf5 51. Rd5 Rd6 52. Ke4 Rxd5 53. Kxd5 Kf7 54. Bxc5 Bxc5 55. Kxc5 Ne7 56. b4 h5 57. b5 g5 58. a4 h4 59. gxh4 gxh4 60. Ng1 Ke6 61. a5 e4 62. Kd4 f5 63. c5 Nd5 64. a6 Nc7 65. Kc4 e3 66. b6 axb6 67. cxb6 Nxa6 68. Kd3 f4 69. Ke2 Kd5 70. b7 1/2-1/2

[Event "Muensterland Verbandsliga 0809"]
[Site "Germany"]
[Date "2009.01.31"]
[Round "6.5"]
[White "Te Sligte, Bert"]
[Black "Woestmann, Ulrich"]
[Result "1/2-1/2"]
[WhiteElo "1802"]
[BlackElo "2046"]
[PlyCount "94"]
[EventDate "2008.09.20"]
[EventType "team-tourn"]
[EventRounds "9"]
[EventCountry "GER"]
[SourceTitle "EXT 2010"]
[Source "ChessBase"]
[SourceDate "2010.11.25"]
[SourceVersion "1"]
[SourceVersionDate "2010.11.25"]
[SourceQuality "1"]
[WhiteTeam "Stadtlohn"]
[BlackTeam "Sendenhorst"]
[WhiteTeamCountry "GER"]
[BlackTeamCountry "GER"]

1. e4 c5 2. Nf3 d6 3. d4 cxd4 4. Nxd4 Nf6 5. Nc3 a6 6. Be2 e5 7. Nb3 Be6 8. Bg5 Be7 9. Qd2 Nbd7 10. Rd1 Qc7 11. 0-0 0-0 12. Kh1 b5 13. f3 Rac8 14. Bd3 Nc5 15. Nxc5 dxc5 16. Bxf6 Bxf6 17. Nd5 Bxd5 18. exd5 g6 19. c4 Rb8 20. b3 Qd6 21. Rde1 Bg7 22. Qe2 b4 23. Qf2 f5 24. Qg3 Rbe8 25. h3 Bh6 26. Qh4 Bf4 27. g3 Bd2 28. Re2 Bc3 29. g4 e4 30. fxe4 fxe4 31. Rxf8+ Qxf8 32. Rf2 Qg7 33. Bxe4 Be1 34. d6 Bxf2 35. Bd5+ Kh8 36. Qxf2 Rf8 37. Qe2 Qf6 38. d7 Qf1+ 39. Qxf1 Rxf1+ 40. Kg2 Rf8 41. Bf7 Rd8 42. Be8 Kg7 43. g5 Kf8 44. Kf3 Ke7 45. Ke4 Kd6 46. h4 a5 47. Kf4 Ke6 1/2-1/2

[Event "Muensterland Verbandsklasse-B 0506"]
[Site "Germany"]
[Date "2005.10.29"]
[Round "2.6"]
[White "Raus, Michael"]
[Black "Te Sligte, Bert"]
[Result "0-1"]
[WhiteElo "1723"]
[BlackElo "1817"]
[PlyCount "62"]
[EventDate "2005.09.03"]
[EventType "team"]
[EventRounds "9"]
[EventCountry "GER"]
[SourceTitle "EXT 2006"]
[Source "ChessBase"]
[SourceDate "2005.11.24"]
[SourceVersion "1"]
[SourceVersionDate "2005.11.24"]
[SourceQuality "1"]
[WhiteTeam "Steinfurt"]
[BlackTeam "Stadtlohn"]
[WhiteTeamCountry "GER"]
[BlackTeamCountry "GER"]

1. e4 e5 2. Nf3 Nc6 3. Bc4 Nf6 4. Ng5 d5 5. exd5 Na5 6. Bb5+ c6 7. dxc6 bxc6 8. Be2 h6 9. Nf3 e4 10. Ne5 Bd6 11. d4 exd3 12. Nxd3 0-0 13. Nc3 Qc7 14. h3 Rb8 15. b3 Re8 16. 0-0 Bf5 17. Bb2 c5 18. Ne1 c4 19. Bf3 Bh2+ 20. Kh1 Rbd8 21. Qb1 cxb3 22. Be2 Bf4 23. Nf3 Bxc2 24. Qe1 Nc4 25. axb3 Nxb2 26. Ra2 Bd2 27. Nxd2 Qxc3 28. Nf3 Qxb3 29. Rxa7 Bd3 30. Ng1 Bxe2 31. Nxe2 Rd1 0-1